Loading...
| Current Events | 1 | 20.00 | 100% | 100% | 0% |
| Fine Arts - Classical Music | 1 | 10.00 | 100% | 0% | 0% |
| Fine Arts - Other | 7 | 8.57 | 71% | 14% | 0% |
| Fine Arts - Painting and Sculpture | 3 | 13.33 | 100% | 33% | 0% |
| Geography | 1 | 10.00 | 0% | 100% | 0% |
| History - American | 4 | 15.00 | 100% | 50% | 0% |
| History - European | 3 | 20.00 | 100% | 67% | 33% |
| History - Other | 2 | 15.00 | 100% | 50% | 0% |
| History - World | 2 | 25.00 | 100% | 100% | 50% |
| Literature - American | 4 | 10.00 | 100% | 0% | 0% |
| Literature - British | 4 | 10.00 | 100% | 0% | 0% |
| Literature - European | 6 | 13.33 | 67% | 67% | 0% |
| Literature - World | 6 | 15.00 | 83% | 67% | 0% |
| Mythology | 5 | 12.00 | 60% | 40% | 20% |
| Philosophy | 3 | 6.67 | 67% | 0% | 0% |
| Pop Culture | 1 | 10.00 | 100% | 0% | 0% |
| Religion | 5 | 16.00 | 80% | 40% | 40% |
| Science - Chemistry | 4 | 7.50 | 50% | 25% | 0% |
| Science - Other | 6 | 6.67 | 67% | 0% | 0% |
| Science - Physics | 4 | 0.00 | 0% | 0% | 0% |
| Social Science | 3 | 3.33 | 33% | 0% | 0% |